Internationale Empfehlungen für Frauen im Maßregelvollzug

Saved in:  
Bibliographic Details
Main Author: Haverkamp, Rita 1966- (Author)
Format: Print Article
Language:German
Published: 2019
In: Lilith im Maßregelvollzug
Year: 2019, Pages: 703-713
Check availability: HBZ Gateway
Keywords:

MARC

LEADER 00000caa a2200000 c 4500
001 1881364089
003 DE-627
005 20240226140937.0
007 tu
008 240221s2019 xx ||||| 00| ||ger c
020 |a 9783958534452 
035 |a (DE-627)1881364089 
035 |a (DE-599)KXP1881364089 
040 |a DE-627  |b ger  |c DE-627  |e rda 
041 |a ger 
100 1 |a Haverkamp, Rita  |d 1966-  |e VerfasserIn  |0 (DE-588)124345085  |0 (DE-627)085801119  |0 (DE-576)29412988X  |4 aut 
109 |a Haverkamp, Rita 1966- 
245 1 0 |a Internationale Empfehlungen für Frauen im Maßregelvollzug  |c Rita Haverkamp 
264 1 |c 2019 
336 |a Text  |b txt  |2 rdacontent 
337 |a ohne Hilfsmittel zu benutzen  |b n  |2 rdamedia 
338 |a Band  |b nc  |2 rdacarrier 
650 4 |a Strafvolzug  |7 (dpeaa)DE-21/24-fid2,1 
650 4 |a Psychiatrie  |7 (dpeaa)DE-21/24-fid2,1 
650 4 |a Geschlecht  |7 (dpeaa)DE-21/24-fid2,1 
650 4 |a Frau  |7 (dpeaa)DE-21/24-fid2,1 
650 4 |a Regelwerk  |7 (dpeaa)DE-21/24-fid2,1 
773 0 8 |i Enthalten in  |t Lilith im Maßregelvollzug  |d Lengerich : Pabst Science Publishers, 2019  |g (2019), Seite 703-713  |h 912 Seiten  |w (DE-627)1678252158  |z 9783958534452  |z 3958534457  |7 nnam 
773 1 8 |g year:2019  |g pages:703-713 
951 |a AR 
ELC |b 1 
LOK |0 000 xxxxxcx a22 zn 4500 
LOK |0 001 4491316635 
LOK |0 003 DE-627 
LOK |0 004 1881364089 
LOK |0 005 20240226140937 
LOK |0 008 240226||||||||||||||||ger||||||| 
LOK |0 040   |a DE-21-110  |c DE-627  |d DE-21-110 
LOK |0 852   |a DE-21-110 
LOK |0 852 1  |m p  |9 00 
LOK |0 938   |k p 
LOK |0 939   |a 26-02-24  |b l01 
ORI |a SA-MARC-krimdoka001.raw